Online
Catalog

La Orden de Caballeros del Príncipe de Borgoña / (Record no. 41267)

MARC details
000 -CABECERA
campo de control de longitud fija 01158nam a2200265 a 4500
001 - NÚMERO DE CONTROL
campo de control 000041778
005 - FECHA Y HORA DE LA ÚLTIMA TRANSACCIÓN
campo de control 20201002035741.0
008 - DATOS DE LONGITUD FIJA--INFORMACIÓN GENERAL
campo de control de longitud fija 131028s2003 sp 000 0 spa d
020 ## - NÚMERO INTERNACIONAL ESTÁNDAR DEL LIBRO
Número Internacional Estándar del Libro 8484831892
040 ## - FUENTE DE LA CATALOGACIÓN
Centro catalogador/agencia de origen DO-SdBNP
Lengua de catalogación spa
Centro/agencia transcriptor BNPHU
100 1# - ENTRADA PRINCIPAL--NOMBRE DE PERSONA
Nombre de persona Gómez de Ciudad Real, Álvaro
9 (RLIN) 68634
245 14 - MENCIÓN DE TÍTULO
Título La Orden de Caballeros del Príncipe de Borgoña /
Mención de responsabilidad, etc. Álvaro Gómez de Ciudad Real ; introducción, edición crítica, traducción anotada e índices a cargo de Jesús Romero Valiente ; prólogo de César Chaparro Góme.
260 ## - PUBLICACIÓN, DISTRIBUCIÓN, ETC.
Lugar de publicación, distribución, etc. Madrid :
Nombre del editor, distribuidor, etc. Instituto de Estudios Humanísticos
-- CSIC,
Fecha de publicación, distribución, etc. 2003.
300 ## - DESCRIPCIÓN FÍSICA
Extensión v. ;
Dimensiones 25 cm.
490 1# - MENCIÓN DE SERIE
Mención de serie Textos y estudios humanísticos
-- Textos
500 ## - NOTA GENERAL
Nota general La biblioteca posee el v. 2
504 ## - NOTA DE BIBLIOGRAFÍA, ETC.
Nota de bibliografía, etc. Incluye referencias bibliográficas y notas al pie de las páginas
500 ## - NOTA GENERAL
Nota general Incluye datos biográficos del autor en la solapa de la cubierta
500 ## - NOTA GENERAL
Nota general Incluye índice
700 1# - PUNTO DE ACCESO ADICIONAL--NOMBRE DE PERSONA
Nombre de persona Romero Valiente, Jesús
9 (RLIN) 68635
700 1# - PUNTO DE ACCESO ADICIONAL--NOMBRE DE PERSONA
Término indicativo de función/relación ed.
700 1# - PUNTO DE ACCESO ADICIONAL--NOMBRE DE PERSONA
Nombre de persona Chaparro Gómez, César
Término indicativo de función/relación pról.
9 (RLIN) 68636
710 2# - PUNTO DE ACCESO ADICIONAL--NOMBRE DE ENTIDAD CORPORATIVA
Nombre de entidad corporativa o nombre de jurisdicción como elemento de entrada Instituto de Estudios Humanísticos
9 (RLIN) 51235
830 #0 - PUNTO DE ACCESO ADICIONAL DE SERIE-TÍTULO UNIFORME
Título uniforme Textos y estudios humanísticos
Designación de volumen o secuencia Textos
9 (RLIN) 43471
Holdings
Estado de retiro Estado de pérdida Restricciones de uso No para préstamo Código de colección Localización permanente Ubicación/localización actual Ubicación en estantería Fecha de adquisición Número de inventario Total de préstamos Signatura topográfica completa Código de barras Fecha visto por última vez Precio válido a partir de Tipo de ítem Koha
      Excluido de préstamo Monografías: Libros y Folletos General General En catalogación 17.10.2013 LF1   41778-10 25.06.2020 25.06.2020 No se presta

Powered by Koha